[Event "NOR-ch (Women)"]
[Site "Baerum"]
[Date "2019.03.17"]
[Round "5"]
[White "Helliesen, Lykke Merlot"]
[Black "Landsverk, Ida"]
[Result "1-0"]
[WhiteElo "1579"]
[BlackElo "1369"]
[PlyCount "69"]
[EventDate "2019.03.15"]
[EventType "swiss"]
[EventRounds "5"]
[EventCountry "NOR"]
[SourceTitle "CBM 189 Extra"]
[Source "ChessBase"]
[SourceDate "2019.06.03"]
[SourceVersion "1"]
[SourceVersionDate "2019.06.03"]
[SourceQuality "1"]

1. d4 Nf6 2. c4 c5 3. d5 b5 4. cxb5 a6 5. bxa6 Bxa6 6. Nc3 g6 7. e4 d6 8. Nf3 Bxf1 9. Kxf1 Nbd7 10. g3 Bg7 11. Kg2 0-0 12. a4 Qb6 13. Qc2 c4 14. Nb5 Nc5 15. Be3 Ng4 16. Bd4 Bxd4 17. Nfxd4 Nb3 18. Nxb3 cxb3 19. Qe2 Ne5 20. Qd1 Qa5 21. Qxb3 Qd2 22. Qc3 Qh6 23. a5 Rfc8 24. Qd4 Rc4 25. Qb6 Qd2 26. a6 Rc2 27. a7 Kg7 28. Nc7 Nc4 29. Qb7 Qxf2+ 30. Kh3 Qg2+ 31. Kh4 Qxe4+ 32. g4 Ne5 33. Rag1 Nf3+ 34. Kh3 Qf4 35. Ne6+ 1-0

[Event "Oslo CC-chB"]
[Site "Oslo"]
[Date "2018.11.29"]
[Round "9"]
[White "Foss, Roger"]
[Black "Landsverk, Ida"]
[Result "1-0"]
[WhiteElo "1398"]
[BlackElo "1348"]
[PlyCount "83"]
[EventDate "2018.09.06"]
[EventType "swiss"]
[EventRounds "9"]
[EventCountry "NOR"]
[SourceTitle "EXT 2024"]
[Source "ChessBase"]
[SourceDate "2023.10.10"]
[SourceVersion "1"]
[SourceVersionDate "2023.10.10"]
[SourceQuality "1"]

1. d4 Nf6 2. Bf4 g6 3. e3 Bg7 4. h3 d6 5. Nd2 0-0 6. Ngf3 Nbd7 7. Be2 b6 8. c3 Bb7 9. 0-0 Re8 10. Qc2 e5 11. dxe5 dxe5 12. Bg5 c5 13. e4 Qc7 14. Rad1 Qc6 15. Bd3 b5 16. b3 Nb6 17. Bxf6 Bxf6 18. c4 a6 19. Rfe1 Nc8 20. Nf1 Nd6 21. N3d2 Bg5 22. Nf3 Bh6 23. Ng3 b4 24. h4 f6 25. Bf1 Bf4 26. Qd3 Rad8 27. Qd5+ Nf7 28. Qxc6 Bxc6 29. Bd3 Bxg3 30. fxg3 Rd7 31. Re3 Nd6 32. Rf1 Kg7 33. Nh2 Red8 34. Ng4 Ne8 35. Bb1 Rd1 36. Ree1 Rxe1 37. Rxe1 Rd2 38. Ne3 Nc7 39. g4 Ne6 40. Nf1 Rb2 41. Rd1 Nd4 42. Kh2 1-0

[Event "Oslo CC-chB"]
[Site "Oslo"]
[Date "2018.11.01"]
[Round "7"]
[White "Erdal Aase, Lars Iver"]
[Black "Landsverk, Ida"]
[Result "0-1"]
[WhiteElo "1485"]
[BlackElo "1348"]
[PlyCount "32"]
[EventDate "2018.09.06"]
[EventType "swiss"]
[EventRounds "9"]
[EventCountry "NOR"]
[SourceTitle "EXT 2024"]
[Source "ChessBase"]
[SourceDate "2023.10.10"]
[SourceVersion "1"]
[SourceVersionDate "2023.10.10"]
[SourceQuality "1"]

1. d4 Nf6 2. c4 c5 3. d5 b5 4. Nf3 g6 5. cxb5 a6 6. Nc3 Bg7 7. e4 d6 8. Be2 0-0 9. h3 axb5 10. Bxb5 Nbd7 11. 0-0 Qa5 12. Qe2 Ba6 13. Nd2 Rfb8 14. Nc4 Bxb5 15. Nxa5 Bxe2 16. Nxe2 Rxa5 0-1

[Event "Oslo op"]
[Site "Oslo"]
[Date "2018.10.03"]
[Round "5"]
[White "Landsverk, Ida"]
[Black "Svergina, Sofya"]
[Result "1/2-1/2"]
[WhiteElo "1348"]
[BlackElo "1671"]
[PlyCount "98"]
[EventDate "2018.09.30"]
[EventType "swiss"]
[EventRounds "10"]
[EventCountry "NOR"]
[SourceTitle "EXT 2020"]
[Source "ChessBase"]
[SourceDate "2019.10.17"]
[SourceVersion "1"]
[SourceVersionDate "2019.10.17"]
[SourceQuality "1"]

1. e4 c5 2. Nf3 d6 3. Bb5+ Nc6 4. c3 Nf6 5. Bd3 Bg4 6. 0-0 e6 7. Bc2 Be7 8. d4 cxd4 9. cxd4 0-0 10. Be3 e5 11. d5 Nb4 12. Nbd2 Nxc2 13. Qxc2 Qd7 14. h3 Bxf3 15. Nxf3 Rfc8 16. Qd3 a6 17. Rfe1 Qb5 18. Qxb5 axb5 19. Bd2 Rc4 20. Ng5 h6 21. b3 Rc2 22. Nf3 Rcc8 23. Bb4 Nd7 24. a3 g5 25. Rac1 b6 26. Nh2 Nc5 27. Re3 f6 28. f3 Rc7 29. Nf1 Kg7 30. Ng3 Kg6 31. Nf5 Bf8 32. Rec3 Rac8 33. Ra1 Ra7 34. Rac1 h5 35. Re3 Rac7 36. Rec3 h4 37. Re3 Kf7 38. Rec3 Ke8 39. Re3 Kd7 40. Rec3 Nxb3 41. Rxc7+ Rxc7 42. Rxc7+ Kxc7 43. Kf2 Nc5 44. Ke2 Kd7 45. Ke3 Na4 46. Ke2 Nc5 47. Ke3 Na4 48. Ke2 Nc5 49. Ke3 Na4 1/2-1/2

[Event "Oslo Sveins op 10th"]
[Site "Oslo"]
[Date "2017.06.26"]
[Round "6"]
[White "Vestjord, Harald Christian"]
[Black "Landsverk, Ida"]
[Result "1/2-1/2"]
[WhiteElo "1760"]
[BlackElo "1415"]
[PlyCount "96"]
[EventDate "2017.06.23"]
[EventType "swiss"]
[EventRounds "9"]
[EventCountry "NOR"]
[SourceTitle "CBM 179 Extra"]
[Source "ChessBase"]
[SourceDate "2017.08.23"]
[SourceVersion "1"]
[SourceVersionDate "2017.08.23"]
[SourceQuality "1"]

1. d4 Nf6 2. g3 g6 3. Bg2 Bg7 4. e4 d6 5. Nc3 Nbd7 6. Nf3 0-0 7. 0-0 e5 8. d5 Re8 9. h3 Nf8 10. Be3 Bd7 11. Qd3 c5 12. dxc6 Bxc6 13. Nd2 Ne6 14. Nc4 Nd4 15. Bxd4 exd4 16. Nd5 Nxd5 17. exd5 Bb5 18. Qb3 Bxc4 19. Qxc4 Rc8 20. Qd3 Qa5 21. a3 Re7 22. b4 Qa4 23. Ra2 Rc3 24. Qd2 Rxa3 25. Rxa3 Qxa3 26. Re1 Rxe1+ 27. Qxe1 Qc3 28. Qxc3 dxc3 29. Kf1 Kf8 30. Ke2 Bd4 31. f3 Ke7 32. Kd3 Bf6 33. Ke4 Kd7 34. Bf1 Kc7 35. Bb5 Kd8 36. f4 Bg7 37. f5 Be5 38. g4 g5 39. Be2 f6 40. Kd3 b5 41. Ke3 a6 42. Kf2 Kc7 43. Ke3 Kb6 44. Kd3 a5 45. bxa5+ Kxa5 46. Bf3 b4 47. Kc4 Ka4 48. Be4 Ka3 1/2-1/2

[Event "Oslo Sveins op 10th"]
[Site "Oslo"]
[Date "2017.06.23"]
[Round "1"]
[White "Landsverk, Ida"]
[Black "Nordquelle, Daniel"]
[Result "0-1"]
[WhiteElo "1415"]
[BlackElo "2143"]
[PlyCount "76"]
[EventDate "2017.06.23"]
[EventType "swiss"]
[EventRounds "9"]
[EventCountry "NOR"]
[SourceTitle "CBM 179 Extra"]
[Source "ChessBase"]
[SourceDate "2017.08.23"]
[SourceVersion "1"]
[SourceVersionDate "2017.08.23"]
[SourceQuality "1"]

1. e4 c5 2. Nf3 d6 3. d4 cxd4 4. Nxd4 Nf6 5. Nc3 a6 6. f3 e5 7. Nb3 Be6 8. Be3 h5 9. Qd2 Nbd7 10. Be2 Be7 11. 0-0-0 b5 12. h3 h4 13. Rdg1 Nh5 14. Bd1 Ng3 15. Rh2 Nb6 16. Qe1 Nc4 17. Kb1 Nxe3 18. Qxe3 Bg5 19. Qe1 Bf4 20. Nc1 Qb6 21. N1e2 Nxe2 22. Nxe2 Bxh2 23. Rh1 Bf4 24. Nxf4 exf4 25. Qd2 g5 26. Re1 Qc5 27. c3 a5 28. Bc2 b4 29. Qd4 Qxd4 30. cxd4 Ke7 31. d5 Bd7 32. e5 dxe5 33. Rxe5+ Kf6 34. Re2 Rhe8 35. Be4 Bf5 36. d6 Rad8 37. Rd2 Bxe4+ 38. fxe4 Rxe4 0-1

[Event "Oslo op"]
[Site "Fornebu"]
[Date "2016.09.30"]
[Round "9"]
[White "Nordquelle, Amelia"]
[Black "Landsverk, Ida"]
[Result "0-1"]
[WhiteElo "1085"]
[BlackElo "1431"]
[PlyCount "72"]
[EventDate "2016.09.30"]
[EventType "swiss"]
[EventRounds "9"]
[EventCountry "NOR"]
[SourceTitle "EXT 2018"]
[Source "ChessBase"]
[SourceDate "2017.10.13"]
[SourceVersion "1"]
[SourceVersionDate "2017.10.13"]
[SourceQuality "1"]

1. e4 c5 2. Nf3 d6 3. d4 cxd4 4. Nxd4 Nf6 5. Nc3 a6 6. Bg5 e6 7. Bd3 Be7 8. Qd2 0-0 9. 0-0 Nc6 10. Nf3 b5 11. a3 Bb7 12. b4 Rc8 13. Rfb1 Qc7 14. Rb3 Rfd8 15. a4 bxa4 16. Rxa4 Ne5 17. Nxe5 dxe5 18. Bxf6 Bxf6 19. Qe2 Qd7 20. Ra1 Rc6 21. h3 Qd4 22. Raa3 Rdc8 23. Nb1 Be7 24. c3 Qb6 25. Bxa6 Bxa6 26. Rxa6 Qc7 27. b5 Qb7 28. Qe3 Rxa6 29. bxa6 Qxb3 30. Nd2 Qxc3 31. Qb6 Qxd2 32. g3 Bc5 33. Qb1 Qxf2+ 34. Kh1 Qg1+ 35. Qxg1 Bxg1 36. Kxg1 Ra8 0-1

[Event "Fagernes Norsk op-B"]
[Site "Fagernes"]
[Date "2014.04.13"]
[Round "9"]
[White "Merkesvik, Amalie Isabel"]
[Black "Landsverk, Ida"]
[Result "1-0"]
[WhiteElo "1521"]
[BlackElo "1160"]
[PlyCount "79"]
[EventDate "2014.04.13"]
[EventType "swiss"]
[EventRounds "9"]
[EventCountry "NOR"]
[SourceTitle "EXT 2016"]
[Source "ChessBase"]
[SourceDate "2015.10.08"]
[SourceVersion "1"]
[SourceVersionDate "2015.10.08"]
[SourceQuality "1"]

1. e4 g6 2. Nf3 Bg7 3. Nc3 d6 4. Bc4 Nf6 5. d3 0-0 6. h3 c5 7. Be3 Nbd7 8. Qd2 a6 9. Bh6 b5 10. Bxg7 Kxg7 11. Bd5 Rb8 12. g4 b4 13. g5 Nxd5 14. Nxd5 f6 15. 0-0-0 Nb6 16. Ne3 Be6 17. b3 d5 18. gxf6+ exf6 19. Nh4 Nd7 20. exd5 Bf7 21. Rhg1 g5 22. Nhf5+ Kg6 23. h4 h6 24. hxg5 fxg5 25. Nh4+ Kh7 26. Nhf5 Qf6 27. d4 Bg6 28. Nxh6 cxd4 29. Nhg4 Qg7 30. Rh1+ Kg8 31. Nh6+ Kh7 32. Nhf5+ Kg8 33. Nxg7 Kxg7 34. Qxd4+ Nf6 35. Ng4 Kf7 36. Qxf6+ Ke8 37. Rde1+ Kd7 38. Ne5+ Kc7 39. Qc6+ Kd8 40. Qd7# 1-0